KOHA-Header-6

Types and Problems of Philosophy (Record no. 8894)

000 -LEADER
fixed length control field 00268nam a2200109Ia 4500
100 ## - MAIN ENTRY--AUTHOR NAME
Personal name Mead, Hunter
245 #0 - TITLE STATEMENT
Title Types and Problems of Philosophy
260 ## - PUBLICATION, DISTRIBUTION, ETC. (IMPRINT)
Place of publication New York
Name of publisher Viva Books
Year of publication 1995
300 ## - PHYSICAL DESCRIPTION
Number of Pages 275
942 ## - ADDED ENTRY ELEMENTS (KOHA)
Koha item type Books
Holdings
Withdrawn status Lost status Collection code Permanent Location Current Location Shelving location Date acquired Full call number Accession Number Koha item type
    English Literature MAJU MAJU Shelf No.A14 2019-09-14 100 4019 Books

Powered by Koha